zpět

Detail výsledku týmu

Patro Pub, Tišnov

Datum a čas kvízu

35 Celkem bodů Celkový počet nahraných bodů na tomto kvízu bez doplňovacích otázek.
6. Pořadí na kvízu Konečné umístění týmu na tomto kvízu.

Zaznamenané odpovědi

# Otázka Odpověď Body Výsledky
1. Minulý týden se stalo hitem so... (Ford) Mustang, žlutá barva 1
2. Který český ministr absolvoval... Marek Výborný 0
3. Pondělní vyřizování účtů mezi... Aleš Bejr 1
4. V pondělí oznámila síň Heritag... D) rám dveří, na němž se Rose zachránila 1
5. Kterými slovy na KF se nazývá... kolem Flander 0
6. Věříme, že ovládáte velkou pal... Drahá vlasti 1
7. Kterou měnou se platí na ostro... dánskou korunou 0
8. Vyberte zemi, jejíž zkratka ná... C 1
9. Řeka Dunaj díky své délce prot... 1D 2C 3A 4B 1
10. Caerdydd je alternativní název... Cardiff 1